[Event "XXXIV Puchar Wojewody Dolnoslaskiego"]
[Site "Legnica"]
[Date "1899-12-30"]
[Round "1.1"]
[White "Sieciechowicz, Marcin"]
[Black "Kriebel, Tadeas"]
[Result "0-1"]
[WhiteTitle "IM"]
[BlackTitle "IM"]
[WhiteElo "2432"]
[BlackElo "2515"]

1. d4 d5 2. Nf3 e6 3. c3 Nf6 4. Bg5 h6 5. Bh4 c5 6. e3 Nc6 7. Nbd2 cxd4 8. cxd4
Be7 9. Bd3 O-O 10. a3 a5 11. O-O a4 12. Rc1 Bd7 13. Qe2 Ra5 14. Rc2 Na7 15. Ne5
Bb5 16. Rfc1 Ne8 17. Bg3 Bxd3 18. Qxd3 Bd6 19. Ndf3 f6 20. Qg6 fxe5 21. dxe5 Be7
22. Nd4 Ra6 23. Nxe6 Qd7 24. Nxf8 Bxf8 25. Qd3 Nc6 26. f4 Rb6 27. e4 d4 28. f5
Rb3 29. Qc4+ Kh7 30. Qd5 Qe7 31. Rf2 Nc7 32. f6 Qe8 33. Qc4 Ne6 34. Qxa4 Re3 35.
Qb5 d3 36. Qxb7 Ncd4 37. Rd1 Ne2+ 38. Rxe2 dxe2 39. Re1 Rxg3 40. f7 Qa4 41. Qd5
Qa7+ 0-1

[Event "XXXIV Puchar Wojewody Dolnoslaskiego"]
[Site "Legnica"]
[Date "1899-12-30"]
[Round "1.2"]
[White "Nasuta, Grzegorz"]
[Black "Hirneise, Tobias"]
[Result "1/2-1/2"]
[WhiteTitle "GM"]
[BlackTitle "IM"]
[WhiteElo "2520"]
[BlackElo "2472"]

1. e4 c6 2. d4 d5 3. Nc3 dxe4 4. Nxe4 Nf6 5. Nxf6+ exf6 6. c3 Bd6 7. Bd3 O-O 8.
Qc2 Re8+ 9. Ne2 h5 10. O-O Qc7 11. h3 h4 12. Bd2 Nd7 13. Rae1 Nf8 14. Kh1 Bd7
15. Ng1 Rad8 16. Nf3 Qc8 17. Nxh4 Bxh3 18. Nf5 Bxf5 19. Bxf5 Qc7 20. Rxe8 Rxe8
21. Re1 Rxe1+ 22. Bxe1 g6 23. Bh3 Qe7 24. Qd1 f5 25. g3 f4 26. Bg4 Qg5 27. Kh2
Nh7 28. Qe2 Nf6 29. Bf3 Kg7 30. Kg2 fxg3 31. fxg3 Nd5 32. Bxd5 Qxd5+ 33. Kh2 Qxa2
34. c4 Qb3 35. Bc3 Kf8 36. Qg4 Qxc4 37. Qc8+ Ke7 38. Qxb7+ Ke6 39. Qc8+ Ke7 40.
Qb7+ Ke6 41. Kg1 Qd5 42. Qc8+ Ke7 43. Qg4 Qe6 44. Qf3 Kd7 45. Qf2 Qd5 46. Kh2
Kc7 47. Bd2 Kb6 48. Bf4 Bb4 49. Be5 a5 50. Qc2 Qf3 51. Qc4 f6 52. Bb8 Qh5+ 53.
Kg1 Kb7 54. Bf4 Qd5 55. Qd3 g5 56. Be3 Bd6 57. Bf2 f5 58. Qe3 f4 59. gxf4 gxf4
60. Qh3 Bc7 61. Qg4 Qe4 62. Qd1 Qd5 63. Qg4 Qb3 64. Qe2 f3 65. Qe3 a4 66. Qxb3+
axb3 67. Be1 Bb6 68. Bc3 c5 69. Kf2 cxd4 70. Bd2 Kc6 71. Kxf3 Kd5 72. Ke2 Ke4
73. Kd1 Kd3 74. Bg5 Bc5 75. Bf6 Bd6 76. Bxd4 Kxd4 77. Kc1 Kd3 78. Kb1 Kd2 79.
Ka1 Ba3 80. Kb1 1/2-1/2

[Event "XXXIV Puchar Wojewody Dolnoslaskiego"]
[Site "Legnica"]
[Date "1899-12-30"]
[Round "1.3"]
[White "Teclaf, Pawel"]
[Black "Simacek, Pavel"]
[Result "1-0"]
[WhiteTitle "CM"]
[BlackTitle "GM"]
[WhiteElo "2384"]
[BlackElo "2503"]

1. Nf3 d5 2. b3 c5 3. e3 Nc6 4. Bb5 Bd7 5. O-O e6 6. Bb2 Nge7 7. c4 a6 8. Bxc6
Nxc6 9. cxd5 exd5 10. d4 Bg4 11. h3 Be6 12. dxc5 Bxc5 13. Qc2 Qe7 14. Nc3 O-O
15. Rfd1 Rfd8 16. Rac1 Ba7 17. Ne2 Rac8 18. Qb1 f6 19. Nf4 Bf7 20. Qf5 Qe4 21.
Qg4 Kh8 22. Nd4 Bxd4 23. Bxd4 Qe8 24. Bb2 Ne5 25. Qe2 Rxc1 26. Rxc1 Rc8 27. Rd1
Qc6 28. Qd2 Rd8 29. Rc1 Qd7 30. Qa5 Nc6 31. Qb6 Qd6 32. Qxb7 Ne5 33. Rc7 Nd7 34.
Qc6 Qxc6 35. Rxc6 Nb8 36. Rc7 Kg8 37. Nd3 Nd7 38. Nb4 Ne5 39. Nxa6 Nd3 40. Bd4
Ra8 41. a4 Bg6 42. Ra7 Rc8 43. Nc7 Nb4 44. Rb7 Nc6 45. Nxd5 Bf7 46. Rb5 Kf8 47.
Rc5 Ke8 48. e4 Kd8 49. Bc3 Be8 50. b4 1-0

[Event "XXXIV Puchar Wojewody Dolnoslaskiego"]
[Site "Legnica"]
[Date "1899-12-30"]
[Round "1.4"]
[White "Wieczorek, Oskar"]
[Black "Lewtak, Damian"]
[Result "1-0"]
[WhiteTitle "IM"]
[BlackTitle "m"]
[WhiteElo "2468"]
[BlackElo "2411"]

1. e4 Nf6 2. e5 Nd5 3. d4 d6 4. Nf3 dxe5 5. Nxe5 c6 6. Be2 Nd7 7. Nf3 g6 8. O-O
Bg7 9. c4 Nc7 10. Nc3 O-O 11. Be3 b5 12. cxb5 cxb5 13. Nxb5 Nxb5 14. Bxb5 Rb8
15. Qe2 Qb6 16. a4 a6 17. Bc4 Qxb2 18. Bxa6 Bxa6 19. Qxa6 Rb6 20. Qc4 Rb4 21.
Qc6 Rfb8 22. Qxd7 Qxa1 23. Rxa1 Rb1+ 24. Ne1 Rxa1 25. Kf1 e6 26. Bd2 Bf8 27. Ke2
Ra8 28. a5 Ra2 29. Kd3 Ra3+ 30. Ke2 Ra2 31. Kd3 Ra3+ 32. Kc4 Ra2 33. Bc3 Rxf2
34. Nd3 Rxg2 35. Qb7 1-0

[Event "XXXIV Puchar Wojewody Dolnoslaskiego"]
[Site "Legnica"]
[Date "1899-12-30"]
[Round "1.5"]
[White "Gleizerov, Evgeny"]
[Black "Murdzia, Piotr"]
[Result "1/2-1/2"]
[WhiteTitle "GM"]
[BlackTitle "IM"]
[WhiteElo "2505"]
[BlackElo "2411"]

1. d4 Nf6 2. c4 e6 3. g3 d5 4. Nf3 Be7 5. Bg2 O-O 6. O-O dxc4 7. Qc2 a6 8. a4 Bd7
9. Rd1 Bc6 10. Bg5 Nbd7 11. Nbd2 h6 12. Bxf6 Nxf6 13. Nxc4 Be4 14. Qc1 a5 15.
Nfe5 Bd5 16. b3 Bb4 17. Qc2 Qe7 18. e4 Bxc4 19. Qxc4 Rfd8 20. Nd3 Ba3 21. e5 Nd5
22. Bxd5 Rxd5 23. Nf4 Rdd8 24. d5 Bb2 25. dxe6 Bxe5 26. Rxd8+ Rxd8 27. Rc1 Rd4
28. exf7+ Qxf7 29. Qxf7+ Kxf7 30. Ne2 Rb4 31. Rc5 Bd6 32. Rc3 1/2-1/2

[Event "XXXIV Puchar Wojewody Dolnoslaskiego"]
[Site "Legnica"]
[Date "1899-12-30"]
[Round "2.1"]
[White "Kriebel, Tadeas"]
[Black "Murdzia, Piotr"]
[Result "1-0"]
[WhiteTitle "IM"]
[BlackTitle "IM"]
[WhiteElo "2515"]
[BlackElo "2411"]

1. e4 e5 2. Nf3 Nc6 3. Bb5 Nf6 4. d3 d6 5. O-O Bd7 6. c4 g6 7. Nc3 Bg7 8. Nd5 Nxd5
9. cxd5 Ne7 10. Bxd7+ Qxd7 11. Bg5 O-O 12. Rc1 c5 13. a4 f6 14. Be3 h5 15. Nd2
f5 16. f3 f4 17. Bf2 g5 18. Nc4 g4 19. Be1 Ng6 20. b4 b6 21. a5 Rab8 22. axb6
axb6 23. Qb3 Bf6 24. Rb1 gxf3 25. Rxf3 Bh4 26. bxc5 Bxe1 27. c6 Qa7 28. Nxd6 b5+
29. Kh1 Ba5 30. Nf5 Rxf5 31. exf5 Nh4 32. d6+ Qf7 33. c7 Rf8 34. Qxf7+ Kxf7 35.
Rxb5 Bxc7 36. dxc7 Rc8 37. Rf1 Rxc7 38. g3 Nxf5 39. Rxe5 Kf6 40. Rxf5+ Kxf5 41.
Rxf4+ Kg5 42. h4+ Kg6 43. Kg2 Rc1 44. Kf2 Rd1 45. Ke2 Rg1 46. Rf3 Ra1 47. d4 Ra2+
48. Ke3 Ra4 49. Ke4 Ra5 50. d5 Ra1 51. Ke5 Rd1 52. Ke6 1-0

[Event "XXXIV Puchar Wojewody Dolnoslaskiego"]
[Site "Legnica"]
[Date "1899-12-30"]
[Round "2.2"]
[White "Lewtak, Damian"]
[Black "Gleizerov, Evgeny"]
[Result "1/2-1/2"]
[WhiteTitle "m"]
[BlackTitle "GM"]
[WhiteElo "2411"]
[BlackElo "2505"]

1. d4 e6 2. c4 f5 3. g3 Nf6 4. Bg2 d5 5. Nf3 Be7 6. O-O O-O 7. b3 b6 8. Ba3 Bb7
9. Ne5 Bxa3 10. Nxa3 Qe7 11. Nc2 Nbd7 12. Nxd7 Qxd7 13. Ne1 c6 14. Rc1 Rfd8 15.
c5 Ba6 16. Nf3 Rac8 17. Ne5 Qb7 18. Qd2 Nd7 19. Qe3 Re8 20. Nxd7 Qxd7 21. f4 Rc7
22. Bf3 Qe7 23. Rc3 Rec8 24. g4 Qf6 25. g5 Qe7 26. h4 Bb7 27. Qe5 Re8 28. Kf2
Rcc8 29. Bh5 Rf8 30. a4 Rc7 31. Rfc1 Qd7 32. b4 b5 33. axb5 cxb5 34. Ra1 a6 35.
Bf3 Rc6 36. Re3 Bc8 37. h5 Qc7 38. Rg1 Qxe5 39. Rxe5 Rd8 40. Re3 Kf8 41. h6 g6
42. Ra3 Bb7 43. e3 Rb8 44. Be2 Bc8 45. Rga1 Ke7 46. Ra5 Kd7 47. Bd3 1/2-1/2

[Event "XXXIV Puchar Wojewody Dolnoslaskiego"]
[Site "Legnica"]
[Date "1899-12-30"]
[Round "2.3"]
[White "Simacek, Pavel"]
[Black "Wieczorek, Oskar"]
[Result "0-1"]
[WhiteTitle "GM"]
[BlackTitle "IM"]
[WhiteElo "2503"]
[BlackElo "2468"]

1. e4 c5 2. Nf3 Nc6 3. Nc3 d6 4. d4 cxd4 5. Nxd4 Nf6 6. Bg5 e6 7. Qd2 Qb6 8. O-O-O
Qxd4 9. Qxd4 Nxd4 10. Rxd4 a6 11. Bxf6 gxf6 12. Na4 Bd7 13. Nb6 Rd8 14. Nc4 Bc8
15. Be2 d5 16. exd5 Bc5 17. Rf4 Rxd5 18. Rxf6 b5 19. Ne3 Re5 20. Re1 Ke7 21. Rf3
f5 22. Bf1 Bb7 23. Rf4 Rf8 24. g3 Re4 25. Ng2 e5 26. Rexe4 Bxe4 27. Rh4 Bxf2 28.
Rxh7+ Kd6 29. Rh6+ Kc7 30. Rxa6 f4 31. gxf4 exf4 32. Re6 Bd5 33. Re2 Bb6 34. Rd2
Bc6 35. Rd1 Rh8 36. Nxf4 Be3+ 37. Kb1 Bxf4 38. h3 b4 39. Re1 Bg3 40. Re7+ Kd6
41. Re3 Bf4 42. Rd3+ Kc7 43. Rd1 Bf3 44. Re1 Bd2 45. Re6 Bd5 46. Re7+ Kc6 47.
c4 bxc3 48. bxc3 Bxc3 49. a4 Kc5 50. Rc7+ Kd4 51. Rd7 Rg8 52. Bb5 Rg1+ 53. Kc2
Rg2+ 54. Kb1 Kc5 55. Rd8 Bb3 56. Rf8 Ra2 57. Rf5+ Kb4 0-1

[Event "XXXIV Puchar Wojewody Dolnoslaskiego"]
[Site "Legnica"]
[Date "1899-12-30"]
[Round "2.4"]
[White "Hirneise, Tobias"]
[Black "Teclaf, Pawel"]
[Result "0-1"]
[WhiteTitle "IM"]
[BlackTitle "CM"]
[WhiteElo "2472"]
[BlackElo "2384"]

1. d4 Nf6 2. c4 g6 3. g3 Bg7 4. Bg2 d5 5. cxd5 Nxd5 6. Nc3 Nb6 7. Nf3 O-O 8. O-O
Nc6 9. e3 Re8 10. Nh4 a5 11. f4 a4 12. Rf2 Bd7 13. Qf1 Na5 14. Ne4 Bc6 15. f5
e5 16. fxe6 Rxe6 17. Nc5 Re7 18. Bxc6 Nxc6 19. Bd2 Qd5 20. Qg2 a3 21. b4 Rae8
22. Nb3 Qb5 23. Rc1 Bh6 24. Rc5 Qd3 25. b5 Nd8 26. Qf1 Qxf1+ 27. Kxf1 Bxe3 28.
Bxe3 Rxe3 29. Rxc7 Nd5 30. Rc1 Nb4 31. Ng2 Nxa2 32. Rxa2 Rxb3 33. Rca1 Rxb5 34.
Rxa3 Nc6 35. Rd3 Rd8 36. Rad1 Rbd5 37. Rb1 b5 38. Ne3 Rxd4 39. Rc3 Rb4 0-1

[Event "XXXIV Puchar Wojewody Dolnoslaskiego"]
[Site "Legnica"]
[Date "1899-12-30"]
[Round "2.5"]
[White "Sieciechowicz, Marcin"]
[Black "Nasuta, Grzegorz"]
[Result "1/2-1/2"]
[WhiteTitle "IM"]
[BlackTitle "GM"]
[WhiteElo "2432"]
[BlackElo "2520"]

1. d4 d5 2. Nf3 Nf6 3. c3 g6 4. Bg5 Bg7 5. Nbd2 O-O 6. e3 b6 7. Bd3 c5 8. h4 Nc6
9. Qb1 cxd4 10. exd4 Qd6 11. Kf1 Nh5 12. b4 Bd7 13. b5 Na5 14. Qb4 f6 15. Qxd6
exd6 16. Be3 Rac8 17. Rc1 f5 18. Bg5 Rfe8 19. g3 h6 20. Bf4 Nxf4 21. gxf4 Re4
22. h5 Rxf4 23. Rc2 g5 24. Ne1 Re4 25. Ng2 Ree8 26. Ne3 f4 27. Nxd5 Be6 28. Nb4
Nc4 29. Nxc4 Bxc4 30. Bxc4+ Rxc4 31. a3 Rec8 32. Nd5 Kf7 33. Re2 Rxc3 34. Nxc3
Rxc3 35. Rd2 f3 36. Kg1 Rc4 37. Rh3 g4 38. Rg3 Bxd4 39. Rxg4 Rc1+ 40. Kh2 Be5+
41. Rg3 Rc5 42. a4 Bf4 43. Rd3 Rxh5+ 44. Kg1 Bxg3 45. fxg3 Ke6 46. Rxf3 Rg5 47.
Kg2 Rg4 48. Ra3 d5 49. Ra1 Kd6 50. Kf3 h5 51. a5 Kc5 52. axb6 axb6 53. Rh1 Rg5
54. Kf4 Rg4+ 55. Kf3 Kxb5 56. Rxh5 Rd4 57. g4 Kc4 58. g5 Rd1 59. Kf2 Rd2+ 60.
Kf3 Rd1 61. Kf2 Ra1 62. g6 Ra8 63. g7 Rg8 64. Rg5 d4 65. Ke2 Kc3 66. Rg6 d3+ 67.
Kd1 b5 68. Rc6+ Kd4 69. Rg6 Kd5 1/2-1/2

[Event "XXXIV Puchar Wojewody Dolnoslaskiego"]
[Site "Legnica"]
[Date "1899-12-30"]
[Round "3.1"]
[White "Nasuta, Grzegorz"]
[Black "Kriebel, Tadeas"]
[Result "1/2-1/2"]
[WhiteTitle "GM"]
[BlackTitle "IM"]
[WhiteElo "2520"]
[BlackElo "2515"]

1. e4 d6 2. d4 Nf6 3. Nc3 g6 4. f4 Bg7 5. Bd3 e5 6. dxe5 dxe5 7. Nf3 exf4 8. Bxf4
O-O 9. Qd2 c6 10. O-O-O Bg4 11. Rhe1 Nbd7 12. Bc4 b5 13. Bb3 Nc5 14. h3 Qxd2+
15. Rxd2 Bxf3 16. gxf3 a5 17. a4 Nh5 18. Be3 Nxb3+ 19. cxb3 Rab8 20. axb5 cxb5
21. Nd5 Rb7 22. Kb1 f5 23. Bd4 fxe4 24. fxe4 Bxd4 25. Rxd4 Nf4 26. e5 Nxd5 27.
Rxd5 Rf5 28. Re3 Kf7 29. Rc5 Ke7 30. Rd3 Rf4 1/2-1/2

[Event "XXXIV Puchar Wojewody Dolnoslaskiego"]
[Site "Legnica"]
[Date "1899-12-30"]
[Round "3.2"]
[White "Teclaf, Pawel"]
[Black "Sieciechowicz, Marcin"]
[Result "1/2-1/2"]
[WhiteTitle "CM"]
[BlackTitle "IM"]
[WhiteElo "2384"]
[BlackElo "2432"]

1. e4 e6 2. d4 d5 3. e5 c5 4. c3 Qb6 5. Nf3 Nc6 6. Be2 Nh6 7. Bxh6 gxh6 8. Qd2
Bg7 9. O-O O-O 10. Na3 cxd4 11. cxd4 f6 12. exf6 Rxf6 13. Nc2 Bd7 14. b4 Rff8
15. b5 Ne7 16. Ne5 Be8 17. Bd3 Qd6 18. Rfe1 Bg6 19. Re2 Bxd3 20. Qxd3 Nf5 21.
Rae1 Rac8 22. Nf3 Qc7 23. Ne3 Nd6 24. Nf1 Qc4 25. Qb1 Qxb5 26. Rxe6 Qxb1 27. Rxb1
Rcd8 28. Ne3 Rfe8 29. Rxe8+ Rxe8 30. Nxd5 Re2 31. a4 Ra2 32. Nc3 Rc2 33. Nb5 Nc8
34. d5 Rc5 35. Rd1 Bf8 36. Kf1 Nb6 37. d6 a6 38. Nc7 Kf7 39. d7 Be7 40. Nxa6 bxa6
41. d8=Q Bxd8 42. Rxd8 Nxa4 43. Rd7+ Kg8 44. Rd6 Rc1+ 45. Ke2 Nc3+ 46. Ke3 a5
47. Rxh6 Nd5+ 48. Kd4 Nb4 49. Rb6 Rc2 50. Rb8+ Kg7 51. Rb7+ Kg8 52. Ke3 Nd5+ 53.
Ke4 Nb4 54. Rb8+ Kg7 55. Nd4 Rc4 56. Ke5 Nd3+ 57. Kd5 Rb4 58. Ne6+ Kf6 59. Rf8+
Ke7 60. Rf3 Rb5+ 61. Kc4 Ne5+ 62. Kxb5 Nxf3 63. Nf4 Nxh2 64. Kxa5 Ng4 65. Nd3
Kf6 66. Kb4 Kg5 67. Kc3 Kh4 68. f3 Ne3 69. Ne1 Kg3 70. Kd2 Nxg2 71. Nxg2 Kxf3
1/2-1/2

[Event "XXXIV Puchar Wojewody Dolnoslaskiego"]
[Site "Legnica"]
[Date "1899-12-30"]
[Round "3.3"]
[White "Wieczorek, Oskar"]
[Black "Hirneise, Tobias"]
[Result "1/2-1/2"]
[WhiteTitle "IM"]
[BlackTitle "IM"]
[WhiteElo "2468"]
[BlackElo "2472"]

1. e4 e5 2. Nf3 Nc6 3. Bb5 Nf6 4. d3 d6 5. O-O Be7 6. h3 O-O 7. a4 a6 8. Bc4 Be6
9. Re1 d5 10. exd5 Bxd5 11. Bxd5 Qxd5 12. Nc3 Qd6 13. Nxe5 Nxe5 14. Bf4 Nfd7 15.
d4 f6 16. dxe5 Nxe5 17. Bxe5 fxe5 18. Qe2 Qc5 19. Ne4 Qc6 20. b3 Rad8 21. c3 Qe6
22. Qc4 Qxc4 23. bxc4 Rd7 24. Rab1 c6 25. Kf1 Kf7 26. Ke2 Rc8 27. h4 Rcc7 28.
h5 Rd8 29. Rb2 Ke6 30. Reb1 Rdd7 31. f3 Kf5 32. Rb3 Ke6 33. g4 Kf7 34. Nf2 Ke6
35. Ne4 Kf7 36. R1b2 Ke6 37. a5 Kf7 38. Nf2 Ke6 39. Nd3 Bd6 40. Ke3 Rf7 41. c5
Be7 42. Ke4 Bg5 43. Rb1 Rcd7 44. R3b2 Bh6 45. Rg2 Bg5 46. Rgb2 h6 47. Rb3 Bd2
48. R1b2 Bg5 49. Rb1 Bd2 50. R1b2 Bg5 51. Rb1 1/2-1/2

[Event "XXXIV Puchar Wojewody Dolnoslaskiego"]
[Site "Legnica"]
[Date "1899-12-30"]
[Round "3.4"]
[White "Gleizerov, Evgeny"]
[Black "Simacek, Pavel"]
[Result "1/2-1/2"]
[WhiteTitle "GM"]
[BlackTitle "GM"]
[WhiteElo "2505"]
[BlackElo "2503"]

1. d4 Nf6 2. c4 c5 3. d5 e6 4. Nc3 exd5 5. cxd5 d6 6. Nf3 g6 7. g3 Bg7 8. Bg2 O-O
9. O-O Re8 10. Bf4 Bf5 11. Nh4 Bc8 12. Nf3 Bf5 13. Nh4 Bc8 14. Nf3 Bf5 1/2-1/2

[Event "XXXIV Puchar Wojewody Dolnoslaskiego"]
[Site "Legnica"]
[Date "1899-12-30"]
[Round "3.5"]
[White "Murdzia, Piotr"]
[Black "Lewtak, Damian"]
[Result "1-0"]
[WhiteTitle "IM"]
[BlackTitle "m"]
[WhiteElo "2411"]
[BlackElo "2411"]

1. d4 d5 2. c4 c6 3. Nf3 Nf6 4. Nc3 e6 5. e3 Nbd7 6. Qc2 Bd6 7. Be2 dxc4 8. Bxc4
b5 9. Bd3 Bb7 10. O-O a6 11. a4 b4 12. Ne4 Nxe4 13. Bxe4 Qc7 14. Bd2 a5 15. Rac1
Rc8 16. Rfd1 c5 17. b3 Qb8 18. Bxb7 Qxb7 19. e4 O-O 20. d5 exd5 21. exd5 Rfe8
22. Qf5 g6 23. Qd3 c4 24. Rxc4 Rxc4 25. Qxc4 Rc8 26. Qd4 Nc5 27. Bh6 f5 28. Qf6
Qe7 29. Qxe7 Bxe7 30. d6 Rd8 31. Bf4 Bf6 32. Be3 Nxb3 33. d7 Kf7 34. Bb6 Ke7 35.
Bxd8+ Kxd8 36. Rd5 Nc1 37. Ne5 Ne2+ 38. Kf1 Nc3 39. Rxa5 Bxe5 40. Rxe5 Kxd7 41.
Rc5 Nxa4 42. Rb5 Nc3 43. Rxb4 Ke6 44. Rb7 h5 45. Rb6+ Kf7 46. h4 Nd5 47. Ra6 Nf4
48. Ra4 Ne6 49. Ke2 Kf6 50. Ke3 Ke5 51. f4+ Kf6 52. Ra6 Kf7 53. Rc6 Ke7 54. g3
Kf7 55. Kd3 Nf8 56. Kd4 Nd7 57. Ra6 Nf6 58. Ke5 Ng4+ 59. Kd6 Nf2 60. Ra7+ Kf6
61. Kd7 Kf7 62. Kd6+ Kf6 63. Kd5 Ng4 64. Ra6+ Kf7 65. Re6 Nf2 66. Ke5 Ng4+ 67.
Kd5 Nf2 68. Ra6 Ng4 69. Ra2 Kf6 70. Re2 Kf7 71. Kd6 Kf6 72. Kd7 Kf7 73. Re7+ Kf6
74. Ke8 Nf2 75. Kf8 Nh1 76. Ra7 Ke6 77. Ra6+ Kd5 78. Rxg6 Ke4 79. Kg7 1-0

[Event "XXXIV Puchar Wojewody Dolnoslaskiego"]
[Site "Legnica"]
[Date "1899-12-30"]
[Round "4.2"]
[White "Simacek, Pavel"]
[Black "Murdzia, Piotr"]
[Result "1/2-1/2"]
[WhiteTitle "GM"]
[BlackTitle "IM"]
[WhiteElo "2503"]
[BlackElo "2411"]

1. e4 e5 2. Nf3 Nf6 3. Nc3 Nc6 4. d4 exd4 5. Nxd4 Bb4 6. Nxc6 bxc6 7. Bd3 d5 8.
exd5 cxd5 9. O-O O-O 10. h3 c6 11. Qf3 Bd6 12. Bf4 Rb8 13. b3 Be6 14. Rad1 Rb4
15. Ne2 Bxf4 16. Nxf4 Qd6 17. c4 a5 18. Bc2 Re8 19. Rfe1 Rbb8 20. Re2 Rbd8 21.
cxd5 Bxd5 22. Nxd5 cxd5 23. Rxe8+ Rxe8 24. Qc3 Qb6 25. Rd4 g6 26. Rf4 Re6 27.
Bd3 Ne4 28. Bxe4 dxe4 29. Qc8+ Kg7 30. Qd7 Rf6 31. Rxf6 Qxf6 32. Qd2 Qe5 33. g3
e3 34. Qxe3 Qa1+ 35. Kg2 Qxa2 36. Qd4+ Kg8 37. Qd5 Qa3 38. g4 h6 39. h4 Qb4 40.
Kg3 Kg7 41. Qe5+ Kh7 42. Qd5 Kg7 43. Qe5+ Kh7 44. Qd5 1/2-1/2

[Event "XXXIV Puchar Wojewody Dolnoslaskiego"]
[Site "Legnica"]
[Date "1899-12-30"]
[Round "4.3"]
[White "Hirneise, Tobias"]
[Black "Gleizerov, Evgeny"]
[Result "0-1"]
[WhiteTitle "IM"]
[BlackTitle "GM"]
[WhiteElo "2472"]
[BlackElo "2505"]

1. d4 e6 2. Nf3 f5 3. g3 Nf6 4. Bg2 d5 5. O-O Bd6 6. c4 O-O 7. Nbd2 c6 8. Ne5 b6
9. cxd5 cxd5 10. Ndc4 Be7 11. b3 Bb7 12. Nb2 Nc6 13. Nxc6 Bxc6 14. Nd3 Bb5 15.
Bb2 Bd6 16. Rc1 Qe7 17. a4 Ba6 18. Qd2 Rac8 19. f3 Bxd3 20. Qxd3 Ba3 21. Qa6 Rxc1
22. Bxc1 Bxc1 23. Rxc1 Qa3 24. Rf1 Qxb3 25. Qxa7 Qe3+ 26. Kh1 Qxe2 27. Qxb6 Rc8
28. Qd6 Rc2 29. Rg1 Ra2 30. a5 h6 31. Qb4 Kf7 32. Qb7+ Kg6 33. Qb1 h5 34. Qb4
Kh7 35. Qe1 Qxe1 36. Rxe1 Rxa5 37. Bf1 Ra4 38. Rxe6 Rxd4 39. Bh3 f4 40. Bf5+ Kh6
41. Kg2 Rd2+ 42. Kh3 Rf2 43. Re5 Rxf3 44. Kg2 Re3 45. gxf4 Rxe5 46. fxe5 Ng4 47.
Be6 Kg5 48. h3 Nxe5 49. Bxd5 h4 50. Kf2 Kf4 51. Bg8 Nd3+ 52. Ke2 Nc5 53. Kf2 Ne4+
54. Kg2 Ke3 55. Bf7 Nc3 56. Bc4 Ne2 57. Bb5 Nf4+ 58. Kh2 Kf2 59. Bc4 Ng6 0-1

[Event "XXXIV Puchar Wojewody Dolnoslaskiego"]
[Site "Legnica"]
[Date "1899-12-30"]
[Round "4.4"]
[White "Sieciechowicz, Marcin"]
[Black "Wieczorek, Oskar"]
[Result "1/2-1/2"]
[WhiteTitle "IM"]
[BlackTitle "IM"]
[WhiteElo "2432"]
[BlackElo "2468"]

1. d4 Nf6 2. Nf3 c5 3. c3 d5 4. Bg5 Ne4 5. Bh4 Qb6 6. Qb3 Nc6 7. e3 c4 8. Qc2 Bf5
9. Qc1 e5 10. dxe5 Nc5 11. Nbd2 Nd3+ 12. Bxd3 Bxd3 13. Bg3 Bc5 14. Nd4 O-O 15.
N2f3 a5 16. a4 Rae8 17. Qd2 f6 18. e6 Nd8 19. Ne2 Nxe6 20. O-O Ng5 21. Nxg5 fxg5
22. Kh1 h5 23. h4 gxh4 24. Bxh4 Qg6 25. Bg3 h4 26. Nf4 Qg5 27. Bh2 Bxf1 28. Rxf1
Rf5 29. Rd1 Bd6 30. Nxd5 Bxh2 31. Kxh2 Ref8 32. Nf4 Qf6 33. Qe2 Qf7 34. Rd4 g5
35. Qg4 Qg7 36. Nh3 Qe5+ 37. Kg1 Rxf2 38. Nxf2 Qxe3 39. Re4 Qxf2+ 40. Kh2 Qf6
41. Rxc4 Qe5+ 42. Kh3 Qe3+ 43. Kh2 Qe5+ 1/2-1/2

[Event "XXXIV Puchar Wojewody Dolnoslaskiego"]
[Site "Legnica"]
[Date "1899-12-30"]
[Round "4.5"]
[White "Nasuta, Grzegorz"]
[Black "Teclaf, Pawel"]
[Result "1-0"]
[WhiteTitle "GM"]
[BlackTitle "CM"]
[WhiteElo "2520"]
[BlackElo "2384"]

1. e4 c6 2. Nc3 d5 3. Qe2 dxe4 4. Nxe4 Bf5 5. d3 e6 6. g4 Bxe4 7. dxe4 Bd6 8. Bd2
Qc7 9. Nf3 Nd7 10. Bc3 Ne7 11. O-O-O Bf4+ 12. Kb1 O-O-O 13. Bxg7 Rhg8 14. Bc3
Rxg4 15. h4 Rgg8 16. Ng5 Ne5 17. Bh3 N7g6 18. Rxd8+ Rxd8 19. Bxe6+ fxe6 20. Nxe6
Qe7 21. Nxd8 Qxd8 22. h5 Nf8 23. Bxe5 Bxe5 24. f4 Bc7 25. e5 Qe7 26. Re1 b5 27.
a4 a6 28. axb5 axb5 29. Qg4+ Kb7 30. e6 h6 31. f5 Nh7 32. Qg6 Qb4 33. Re2 Qd4
34. Re1 Nf6 35. Qxf6 Qxf6 36. e7 Ba5 37. Re2 Qxf5 38. e8=Q Bb4 39. Re4 Bc5 40.
Qe5 Qf1+ 41. Re1 Qf2 42. Rd1 Bb6 43. Qg7+ Bc7 44. Qxh6 Qf3 45. Rg1 Bh2 46. Qg7+
1-0

[Event "XXXIV Puchar Wojewody Dolnoslaskiego"]
[Site "Legnica"]
[Date "1899-12-30"]
[Round "5.1"]
[White "Teclaf, Pawel"]
[Black "Kriebel, Tadeas"]
[Result "0-1"]
[WhiteTitle "CM"]
[BlackTitle "IM"]
[WhiteElo "2384"]
[BlackElo "2515"]

1. Nf3 Nf6 2. c4 g6 3. b4 Bg7 4. Bb2 O-O 5. g3 c6 6. Bg2 d5 7. cxd5 cxd5 8. O-O
Bg4 9. h3 Bxf3 10. exf3 Nbd7 11. f4 e6 12. Qb3 Ne8 13. Nc3 Nd6 14. d3 Nf5 15.
Ne2 Bxb2 16. Qxb2 Qf6 17. Qxf6 Nxf6 18. g4 Nd6 19. Nd4 a5 20. a3 Rfc8 21. Rfc1
Rxc1+ 22. Rxc1 axb4 23. axb4 Ra4 24. Rb1 Kf8 25. Kf1 Ke7 26. Ke2 Nfe8 27. Ke3
Nc7 28. b5 Ra3 29. Kd2 Ra5 30. b6 Ncb5 31. Nb3 Ra2+ 32. Ke3 Na3 33. Rc1 Nc2+ 34.
Kf3 Rb2 35. Bf1 Rxb3 36. Rxc2 Rxb6 37. Rc1 Rb2 38. Ra1 h5 39. Ra7 hxg4+ 40. hxg4
Kd7 41. Ke3 Kc7 42. Ra8 b5 43. Bh3 Rb4 44. Ra7+ Kb6 45. Rd7 Kc6 46. Re7 Ra4 47.
Kf3 b4 48. f5 b3 49. fxg6 fxg6 0-1

[Event "XXXIV Puchar Wojewody Dolnoslaskiego"]
[Site "Legnica"]
[Date "1899-12-30"]
[Round "6.1"]
[White "Kriebel, Tadeas"]
[Black "Simacek, Pavel"]
[Result "1/2-1/2"]
[WhiteTitle "IM"]
[BlackTitle "GM"]
[WhiteElo "2515"]
[BlackElo "2503"]

1. e4 c6 2. d4 d5 3. Nd2 dxe4 4. Nxe4 Bf5 5. Ng3 Bg6 6. h4 h6 7. Nf3 e6 8. Ne5
Bh7 9. Bd3 Bxd3 10. Qxd3 Nd7 11. f4 Be7 12. Bd2 Nxe5 13. fxe5 Bxh4 14. O-O-O Bxg3
15. Qxg3 Ne7 16. Qxg7 Rg8 17. Qh7 Qd5 18. Rhf1 O-O-O 19. Rxf7 Qxa2 20. c3 Qa1+
21. Kc2 Qa4+ 22. Kc1 Qa1+ 23. Kc2 Qa4+ 24. Kc1 Qa1+ 25. Kc2 Qa4+ 26. Kc1 Qa1+
27. Kc2 1/2-1/2

[Event "XXXIV Puchar Wojewody Dolnoslaskiego"]
[Site "Legnica"]
[Date "1899-12-30"]
[Round "6.2"]
[White "Hirneise, Tobias"]
[Black "Lewtak, Damian"]
[Result "1-0"]
[WhiteTitle "IM"]
[BlackTitle "m"]
[WhiteElo "2472"]
[BlackElo "2411"]

1. e4 e5 2. Nf3 Nc6 3. Bb5 Nf6 4. O-O Nxe4 5. d4 Nd6 6. dxe5 Nxb5 7. a4 Nbd4 8.
Nxd4 Nxd4 9. Qxd4 d6 10. Re1 Be6 11. Qb4 Qc8 12. Qc3 d5 13. Qg3 Qd7 14. Nd2 Bf5
15. c3 h6 16. Nf3 c5 17. Be3 g5 18. a5 Be7 19. Red1 Be6 20. Rab1 f5 21. exf6 Bd6
22. Ne5 Qc7 23. f4 O-O-O 24. b4 gxf4 25. Bxf4 Rhf8 26. bxc5 Bxc5+ 27. Be3 Rxf6
28. Bd4 Rf5 29. Re1 Rg8 30. Qe3 Bd6 31. Nf3 Bd7 32. Bxa7 Rh5 33. h4 Qxa5 34. Ra1
Qb5 35. Bb6 Kb8 36. Ra2 d4 37. Ba7+ Kc7 38. cxd4 Bc6 39. Rc1 Qd5 40. Rac2 Rf5
41. Rf1 Kd7 42. Ne1 Bh2+ 43. Kxh2 Rxf1 44. Nf3 Qe4 45. Ne5+ 1-0

[Event "XXXIV Puchar Wojewody Dolnoslaskiego"]
[Site "Legnica"]
[Date "1899-12-30"]
[Round "6.3"]
[White "Sieciechowicz, Marcin"]
[Black "Murdzia, Piotr"]
[Result "0-1"]
[WhiteTitle "IM"]
[BlackTitle "IM"]
[WhiteElo "2432"]
[BlackElo "2411"]

1. d4 Nf6 2. Nf3 g6 3. Bg5 Bg7 4. Nbd2 O-O 5. e3 d6 6. Bd3 b6 7. c3 Bb7 8. h4 h5
9. Bxf6 exf6 10. Qc2 f5 11. Ng5 Nd7 12. O-O Nf6 13. e4 fxe4 14. Ndxe4 Nxe4 15.
Bxe4 Bxe4 16. Qxe4 d5 17. Qf3 Qd7 18. Rae1 Rae8 19. b3 c6 20. Qd3 Qg4 21. Qa6
Qxh4 22. Nf3 Qg4 23. Qxa7 h4 24. Nh2 Qg5 25. Rxe8 Rxe8 26. Qd7 Re6 27. Nf3 Qg4
28. Qd8+ Bf8 29. Nh2 Qf4 30. Qxb6 h3 31. gxh3 Bd6 32. Qd8+ Kg7 33. Ng4 Be7 34.
Qe8 Bb4 35. Qd7 Bxc3 36. Kg2 Bxd4 37. Rd1 Re2 38. Rf1 Qe4+ 39. Kg3 Qd3+ 40. Kg2
Qe4+ 41. Kh2 Rxa2 42. Qxc6 Rc2 43. Qd6 Rc3 44. b4 Rb3 45. Rc1 Rb2 46. Qg3 Rxb4
47. Rd1 Rb2 48. Kg1 Re2 49. Qd3 Re1+ 0-1

[Event "XXXIV Puchar Wojewody Dolnoslaskiego"]
[Site "Legnica"]
[Date "1899-12-30"]
[Round "6.4"]
[White "Nasuta, Grzegorz"]
[Black "Gleizerov, Evgeny"]
[Result "1-0"]
[WhiteTitle "GM"]
[BlackTitle "GM"]
[WhiteElo "2520"]
[BlackElo "2505"]

1. e4 e6 2. d4 d5 3. Nc3 Nf6 4. Bg5 Be7 5. e5 Nfd7 6. h4 Nc6 7. Nf3 h6 8. Bxe7
Qxe7 9. Qd2 Nb6 10. b3 Bd7 11. a4 Qb4 12. a5 Nxa5 13. Nb5 Qxd2+ 14. Kxd2 Bxb5
15. Bxb5+ Nc6 16. Bxc6+ bxc6 17. Ra6 Kd7 18. Ne1 Nc8 19. Nd3 Rb8 20. Nc5+ Kd8
21. h5 Rb6 22. Ra5 Rb5 23. Ra6 Rb6 24. Ra4 Ke7 25. f4 Rg8 26. Ke3 Rb5 27. Kf3
a5 28. Rha1 Nb6 29. Rxa5 Rxa5 30. Rxa5 Nd7 31. Na6 f6 32. Nb4 c5 33. Nc6+ Kf7
34. dxc5 fxe5 35. fxe5 Rf8 36. Ke3 Kg8 37. b4 1-0